000 00558nam a2200157 i 4500
001 74154
003 ES-MaACL
007 t|
008 040915s1981 sp ||||1| spa d
100 1 _aGonzález Alonso, Benjamín.
_958410
245 1 0 _aSobre el Estado y la Administración de la Corona de Castilla en el Antiguo Régimen
_b: las comunidades de Castilla y otros ensayos /
_cpor Benjamín González Alonso.
250 _a[1ª ed.].
260 _a[Madrid] :
_bSiglo Veintiuno,
_c[1981]
300 _a271 p. ;
_c21 cm.
852 _aES-MaACL
_jL-963
_bR.101745
999 _c74154
_d74154